000 nam a22 7a 4500
999 _c9808
_d9808
008 180208b ||||| |||| 00| 0 eng d
100 _aKenneth,L.B.
_95902
245 _aBontragers Handbook of Radiographic Positioning Techniques
260 _aMissouri
_bElserier
_c2010